[Event "Koge Bugt"]
[Site "Koge"]
[Date "2003.08.20"]
[Round "2"]
[White "Rasmussen, Christian Ejner"]
[Black "Eckert, Svend"]
[Result "1-0"]
[WhiteElo "1661"]
[BlackElo "1613"]
[PlyCount "39"]
[EventDate "2003.08.13"]
[EventType "tourn"]
[EventRounds "7"]
[EventCountry "DEN"]
[SourceTitle "EXT 2023"]
[Source "ChessBase"]
[SourceDate "2022.10.05"]
[SourceVersion "1"]
[SourceVersionDate "2022.10.05"]
[SourceQuality "1"]

1. d4 Nf6 2. Nc3 g6 3. e4 d6 4. Nf3 Bg7 5. Bc4 0-0 6. Bg5 Nbd7 7. Qd2 Nb6 8. Bb3 c6 9. Bh6 e6 10. Bxg7 Kxg7 11. 0-0-0 d5 12. exd5 cxd5 13. Ne5 Qc7 14. h4 h5 15. g4 Nc4 16. Bxc4 dxc4 17. gxh5 Nxh5 18. Rdg1 Bd7 19. Qg5 Rh8 20. Qe7 1-0

[Event "Copenhagen-ch"]
[Site "Copenhagen"]
[Date "2003.02.13"]
[Round "8"]
[White "Rasmussen, Christian Ejner"]
[Black "Moller, Arne Vagn"]
[Result "0-1"]
[WhiteElo "1635"]
[BlackElo "2018"]
[PlyCount "126"]
[EventDate "2003.02.07"]
[EventType "swiss"]
[EventRounds "9"]
[EventCountry "DEN"]
[SourceTitle "EXT 2018"]
[Source "ChessBase"]
[SourceDate "2017.10.13"]
[SourceVersion "1"]
[SourceVersionDate "2017.10.13"]
[SourceQuality "1"]

1. d4 Nf6 2. Nc3 d5 3. e4 dxe4 4. f3 exf3 5. Nxf3 g6 6. Bc4 Bg7 7. Be3 0-0 8. Qd2 a6 9. Bh6 b5 10. Bxg7 Kxg7 11. Bd3 Bb7 12. Qf4 Qd6 13. Qh4 Qe6+ 14. Kd2 Qg4 15. Qxg4 Nxg4 16. Ne4 Nd7 17. Rhf1 Ngf6 18. Nxf6 Nxf6 19. Rae1 e6 20. g3 Rad8 21. c3 Rd6 22. Ne5 Nd7 23. h4 Nxe5 24. Rxe5 Rd5 25. Rfe1 Rfd8 26. Kc2 Rxe5 27. Rxe5 Rd5 28. Re3 Rd6 29. g4 f6 30. g5 f5 31. Re5 Kf7 32. b4 Bd5 33. a3 Rd8 34. Kd2 h6 35. gxh6 Rh8 36. h5 Rxh6 37. hxg6+ Rxg6 38. Bxf5 Rg2+ 39. Ke3 c6 40. Be4 Ra2 41. Bxd5 cxd5 42. Rh5 Rxa3 43. Kd3 a5 44. bxa5 Rxa5 45. Kc2 Kg6 46. Rh8 Kf5 47. Kb3 Ke4 48. Re8 Ra6 49. Kb4 Rc6 50. Kxb5 Rxc3 51. Rxe6+ Kxd4 52. Kb4 Rc4+ 53. Kb3 Kd3 54. Rh6 Re4 55. Rh3+ Kd4 56. Kc2 Re2+ 57. Kd1 Re3 58. Rh4+ Kd3 59. Ra4 d4 60. Ra3+ Ke4 61. Rxe3+ Kxe3 62. Ke1 d3 63. Kd1 d2 0-1